Govt. of
Madhya Pradesh

MPPSC प्रश्‍नलोक 4000 प्रश्‍नों का समागम (Record no. 66848)

MARC details
000 -LEADER
fixed length control field 00408nam a22001097a 4500
082 ## - DEWEY DECIMAL CLASSIFICATION NUMBER
Classification number 001
100 ## - MAIN ENTRY--AUTHOR NAME
Personal name चौधरी,पवन
245 ## - TITLE STATEMENT
Title MPPSC प्रश्‍नलोक 4000 प्रश्‍नों का समागम
260 ## - PUBLICATION, DISTRIBUTION, ETC. (IMPRINT)
Place of publication इन्‍दौर
Name of publisher शिवम एजुकेशन
Year of publication 2024
650 ## - SUBJECT ADDED ENTRY--TOPICAL TERM
Topical Term सामान्‍य ज्ञान
942 ## - ADDED ENTRY ELEMENTS (KOHA)
Koha item type Competitive Books
Holdings
Withdrawn status Lost status Damaged status Not for loan Home library Current library Date acquired Cost, normal purchase price Full call number Accession Number Price effective from Koha item type
        MACL MACL 18/05/2024 500.00 001 DPI002140 18/05/2024 Competitive Books
        MACL MACL 18/05/2024 500.00 001 DPI002141 18/05/2024 Competitive Books